| 000 | 00602na a2200229 4500 | ||
|---|---|---|---|
| 001 | 13394 | ||
| 003 | MIRAKIL | ||
| 005 | 20181213155103.0 | ||
| 008 | 161010b tu 000 0 | ||
| 035 | _a13394 | ||
| 040 |
_aMilas _btur _cTR-AnCHP |
||
| 041 | _atur | ||
| 082 |
_a305.4 _bE45d 2006 |
||
| 090 | _a305.4 E45d 2006 | ||
| 100 | _aEkinci, Ahmet | ||
| 245 |
_aDoğum izni kullanmak _cEkinci Ahmet |
||
| 260 |
_aİstanbul _bPetrol-İş _c2006 |
||
| 300 |
_a18 s. _bres. _c15 sm. |
||
| 650 |
_aKadın hakları _xÇalışan kadınlar |
||
| 650 |
_aSosyal haklar _xDoğum izni |
||
| 942 |
_2ddc _cBKS |
||
| 999 |
_c6325 _d6325 |
||